000 00512nam a2200193Ia 4500
003 GCL
008 140319s9999 xx 000 0 eng d
040 _aGCL /
_cGCL
082 0 4 _a401.41
_bH D
100 1 _aHATCH, EVELYN
245 1 0 _aDISCOURES AND LANGUAGE EDUCATION /
_cHATCH, EVELYN
260 _a[S.N] :
_bCAMLRIDGE UNIVERSITY PRESS ،
_c1992
300 _a333
650 0 4 _aDISEASE AND PEST RESISTANCE
650 0 4 _aCOMMUNICATION
650 0 4 _aSPEECH ACTS
650 0 4 _aLANGUAGES
942 _2ddc
_cBK
999 _c17505
_d17505